UM Logo

Mga panlaping makadiwa sg sinugbuanon'g binisaya : (Record no. 23768)

MARC details
000 -LEADER
fixed length control field 00613nam a22001697a 4500
005 - DATE AND TIME OF LATEST TRANSACTION
control field 20250917100505.0
008 - FIXED-LENGTH DATA ELEMENTS--GENERAL INFORMATION
fixed length control field 250915b |||||||| |||| 00| 0 eng d
020 ## - INTERNATIONAL STANDARD BOOK NUMBER
International Standard Book Number 9786214500710
082 ## - DEWEY DECIMAL CLASSIFICATION NUMBER
Classification number DFil 499.21 B12 2021
100 ## - MAIN ENTRY--PERSONAL NAME
Personal name Bacalla, Lita A.
9 (RLIN) 47148
245 ## - TITLE STATEMENT
Title Mga panlaping makadiwa sg sinugbuanon'g binisaya :
Remainder of title isang sosyolingguwistikong pagsusuri /
Statement of responsibility, etc. Lita A. Bacalla.
260 ## - PUBLICATION, DISTRIBUTION, ETC. (IMPRINT)
Place of publication, distribution, etc. Maynila :
Name of publisher, distributor, etc. Komisyon sa Wikang Filipino Publikasyon,
Date of publication, distribution, etc. ©2021.
300 ## - PHYSICAL DESCRIPTION
Extent xviii, 146 pages :
Other physical details illustrations ;
Dimensions 25 cm.
500 ## - GENERAL NOTE
General note Includes references.
650 #0 - SUBJECT ADDED ENTRY--TOPICAL TERM
Topical term or geographic name as entry element Languages
General subdivision Cebuano.
9 (RLIN) 67642
942 ## - ADDED ENTRY ELEMENTS (KOHA)
Source of classification or shelving scheme Dewey Decimal Classification
Koha item type Filipiniana
Holdings
Withdrawn status Lost status Source of classification or shelving scheme Damaged status Not for loan Collection code Home library Current library Date acquired Source of acquisition Cost, normal purchase price Total Checkouts Full call number Barcode Date last seen Price effective from Koha item type
    Dewey Decimal Classification     Filipiniana UM Digos College - LIC UM Digos College - LIC 08/11/2025 Purchased 950.00   DFil 499.21 B12 2021 28798 09/15/2025 09/15/2025 Filipiniana